Linear algebra /
Guardado en:
| Autor Principal: | |
|---|---|
| Otros Autores: | |
| Formato: | Libro |
| Idioma: | English |
| Publicado: |
New York :
McGraw-Hill,
c1969.
|
| Series: | International series in pure and applied mathematics
|
| Materias: | |
| Etiquetas: |
Agregar Etiqueta
Sin Etiquetas, Sea el primero en etiquetar este registro!
|
| LEADER | 00658nam a2200205 a 4500 | ||
|---|---|---|---|
| 001 | MAT.inmabb004414 | ||
| 008 | 690815s1969####nyua##########001#0#eng## | ||
| 005 | 20130307105627.0 | ||
| 245 | 1 | 0 | |a Linear algebra / |c George D. Mostow, Joseph H. Sampson. |
| 260 | |a New York : |b McGraw-Hill, |c c1969. | ||
| 300 | |a x, 296 p. : |b il. ; |c 24 cm. | ||
| 440 | 0 | |a International series in pure and applied mathematics | |
| 510 | 4 | |a MR, |c 42 #7673 | |
| 100 | 1 | |a Mostow, George D. | |
| 700 | 1 | |a Sampson, Joseph H., |d 1925- | |
| 650 | 0 | |a Algebras, Linear. | |
| 084 | |a 15-01 (15A69) |2 msc2000 | ||
| 010 | |a 68055422 | ||
| 040 | |a DLC |c DLC |d DLC | ||
| 859 | |h 15 |i M916 |p A-4317 |b BIB. MATEMATICA | ||
